| 000 | 00411 a2200157 4500 | ||
|---|---|---|---|
| 020 | _a 0028226038 | ||
| 040 | _aDLC | ||
| 082 | _a510 | ||
| 100 | _a Glencoe | ||
| 245 |
_aMathematics Applications And Connections _h Glencoe |
||
| 260 |
_aCalifornia: _bGlencoe/Mcgraw-Hill, _c1993. |
||
| 300 |
_a iv, 117 p. : _b ill. ; _c27 cm. |
||
| 500 | _aIncludes Index | ||
| 650 | _a Mathematics. | ||
| 942 |
_cBK _k510 GLE _2ddc |
||
| 999 |
_c7454 _d7454 |
||